000 01241nam1a22002771i 4500
001 rc\3799156
005 20260407092257.0
035 _a(NLR Aleph) 007245987
090 _a7771199
_c7771199
100 _a20120311d1975 |||y0rusy50 ca
101 0 _arus
102 _aRU
105 _ay z |||||
200 1 _aЗаочный курс повышения квалификации зарубежных преподавателей русского языка
_e[В 8 вып.]
_f[Ред. В.Г. Костомаров, Э.Ю. Сосенко]
_gИн-т рус. яз. им. А.С. Пушкина. [В 8 вып.]. Вып. 1-
_iРусский язык
210 _aМосква
_cИзд-во Моск. ун-та
_d1975
215 _d22
701 1 _aЩетинина
_bМ.И.
701 1 _aСтепанова
_bЕ.М.
701 1 _aАнтонова
_bД.Н.
702 1 _aКостомаров
_bВ.Г.
_gВиталий Гриорьевич
_4340
702 1 _aСосенко
_bЭ.Ю.
_4340
712 0 2 _aГосударственный институт русского языка им. А. С. Пушкина
_cМосква
_3RU\NLR\AUTH\8818515
_9310265
801 0 _aRU
_bNLR
_gpsbo
801 1 _aRU
_bELAR
_2rusmarc
852 _aNLR
_j74-6/7730
942 _cBOOK